Structural properties of geedoids dedicated to Erdos on his seventiet birthday

Gespeichert in:
Bibliographische Detailangaben
1. Verfasser: Korte, Bernhard
Weitere Verfasser: Lovász, László
Format: Buch
Sprache:Englisch
Veröffentlicht: [S.l.] [s.n.] 1983
Tags: Tag hinzufügen
Keine Tags, Fügen Sie das erste Tag hinzu!

MARC

LEADER 00000nam a2200000 4500
001 c113816
005 20250526084904.4
041 0 |a eng 
044 |a SK 
245 1 0 |a Structural properties of geedoids  |b dedicated to Erdos on his seventiet birthday  |c Bernhard Korte, László Lovász 
264 1 |a [S.l.]  |b [s.n.]  |c 1983 
300 |a S. 360-374 
500 |a Separát z: Combinatorica 3 (3-4) 359-374 
100 1 |a Korte, Bernhard 
700 1 |a Lovász, László